|
|
|
|
| LEADER |
00690nam a22002292a 4500 |
| 001 |
001885656 |
| 003 |
CZ BrMZK |
| 005 |
20240212132125.0 |
| 007 |
ta |
| 008 |
240212s1946 xr er|||||||||||cze d |
| 015 |
|
|
|a cnb000393773
|
| 020 |
|
|
|q (Brož.)
|
| 035 |
|
|
|a (OCoLC)7126340
|
| 040 |
|
|
|a ABA001
|b cze
|c ABA001
|d ABA001
|d BOA001
|
| 100 |
1 |
|
|a Kafka, František,
|d 1909-1991
|7 jk01052503
|4 aut
|
| 245 |
1 |
0 |
|a Barva Paříže /
|c František Kafka
|
| 260 |
|
|
|a Praha :
|b Athos,
|c 1946
|f (Jan Andreska vd.)
|
| 300 |
|
|
|a 95 s. ;
|c 8°
|
| 910 |
|
|
|a BOA001
|b 1-0197.051
|
| 990 |
|
|
|a BK
|
| 991 |
|
|
|b 202402
|
| 996 |
6 |
|
|b BC-2482638
|c 1-0197.051
|l MZK
|r Sklad / do 1 hodiny
|n 0
|w 001953402
|u 000010
|a 1
|e BOA001
|j MZK50
|s P
|